| 000 | 00401 a2200169 4500 | ||
|---|---|---|---|
| 001 | 71793 | ||
| 020 | _a | ||
| 040 | _cAnchieta - Colégio São Paulo | ||
| 100 | _aMott, Odette de Barros | ||
| 240 | 1 | 0 |
_aO primeiro sorriso de Jesus _lpor |
| 245 | 1 | 0 | _aO primeiro sorriso de Jesus |
| 300 | _a[20p.] | ||
| 362 | 0 | _a1988 | |
| 440 | 1 | _aPaulinas | |
| 650 | 4 | _aLiteratura infanto-juvenil | |
| 942 | _cBK | ||
| 999 |
_c71793 _d71793 |
||